000 00681cam a22002413a 4500
001 23495
003 PGUSA
005 20140828083512.0
008 071205s2007||||xxu|||||s|||||000 | eng d
040 _aPGUSA
_beng
042 _adc
050 4 _aDF
100 1 _aGuerber, H. A.
_q(Hélène Adeline),
_d1859-1929
245 1 4 _aThe Story of the Greeks
_h[electronic resource] /
_cH. A. Guerber
260 _bProject Gutenberg,
_c2007
506 _aPublic domain in the USA.
516 _aElectronic text
653 _aGreece -- History
653 _aReaders -- History
830 0 _aProject Gutenberg
_v23495
856 4 0 _uhttp://www.gutenberg.org/ebooks/23495
942 _cEB
999 _c252750
_d252750